000 01219nam a22003617a 4500
003 CHAP
005 20220329135605.0
008 971013s1995 r 00010 d
010 _a38972
011 _a39944
035 _a44069
040 _cCHAP
090 _aTesis
100 0 0 _aLedesma Ledesma, Daniel.
_965551
245 _aModelos para representar patrones de humedecimiento aplicando riego por goteo
260 _aChapingo, Méx. :
_bEl autor,
_c1995
300 _a86 h.
502 _aTesis (Ing. Agr. Esp. en Irrigación) -- UACH. Departamento de Irrigación
590 _aALEPH
_b10
_c20130110
_lUCH01
_h1305
590 _aBATCH-UPD
_b10
_c20130110
_lUCH01
_h0040
590 _aBATCH-UPD
_b10
_c20130110
_lUCH01
_h1120
590 _aBATCH-UPD
_b10
_c20130409
_lUCH01
_h2025
590 _aBATCH-UPD
_b10
_c20130914
_lUCH01
_h1718
590 _aCONVERSION
_b10
_c20130109
_lUCH01
_h1322
650 1 4 _aRiego por goteo.
_997380
650 1 4 _aSuelos
_xHumedad.
_9110391
650 1 4 _aSuelos
_xMovimiento del agua.
_9110446
650 1 4 _aSuelos
_xPercolación.
_9110457
901 _aBK
942 _cFOLL
949 _bBC
_cTES
_d-100829
_eTS1
_h27455
_i44069
_si
949 _bBC
_cTES
_d-100830
_eTS2
_fc.2
_h27456
_i44069
_si
999 _c38972
_d38972